000
00407nam a22001697a 4500
003
MPLRDC
005
20220104142934.0
008
210129b ||||| |||| 00| 0 eng d
082
_a
411.1 XYTDZ
100
_a
小野田大藏著; 陈昭良译
245
_a
科学长生不老术
_c
250
_a
初版
260
_a
_b
王家出版社
_c
1973
300
_b
平
650
_a
942
_c
BK
_o
411.1 XYTDZ
999
_c
35084
_d
35074